000 00291nam a22001097a 4500
008 160504b xxu||||| |||| 00| 0 eng d
020 _a0871202522
041 _aeng
080 _a612.39
245 _aViolence through conflict resolution:
_cDavid W. Johnson; Roger T. Johnson;
942 _2udc
_cBK
999 _c1785
_d1785